000 00742nam a2200253Ia 4500
003 OSt
005 20220928115102.0
006 a|||||r|||| 00| 0
007 ta
008 220927b |||||||| |||| 00| 0 eng d
024 _a52844
037 _cTextual
040 _aSDCL
_cSDCL
_beng
041 _2eng
_aeng
082 _aX726.73'M8, M1
100 _aEnglebrecht Ted D
_9442988
245 0 _aFederal taxation of estates,gift and trust.
260 _aNew Jersey
_bPrentice- Hall
_c1981
300 _ax,534p
_ccm.
700 _a Folwler Anna C
_9442989
700 _a Moore Michael L
_9442990
942 _hX726.73'M8, M1
_cTEXL
_2CC
999 _c758158
_d758158